| 000 | 00659nam a2200205 i 4500 | ||
|---|---|---|---|
| 003 | IT-RoINE | ||
| 005 | 20191004065310.0 | ||
| 008 | 030924s1996 it r 000 | ita d | ||
| 040 |
_aPUG _cIT-RoINE _dIT-RoINE |
||
| 110 | 2 |
_aIstituto Secolare Cristo Re (Italia) _963082 |
|
| 245 | 1 | 0 | _aCostituzioni dell'Istituto Secolare Cristo Re. |
| 260 |
_a[Milano : _bScuola grafica salesiana, _c1996] |
||
| 300 |
_a92 p. ; _c15 cm. |
||
| 336 |
_2rdacontent _atext |
||
| 337 |
_2rdamedia _aunmediated |
||
| 338 |
_2rdacarrier _avolume |
||
| 610 | 2 | 4 |
_aIstituto Secolare Cristo Re (Italia) _xReglas _963083 |
| 650 | 4 |
_963081 _aInstitutos seculares _xReglas |
|
| 942 | _cMTS | ||
| 999 |
_c32159 _d32159 |
||